Vývoj hromadnej osobnej dopravy

Bibliographic Details
Main Author: Poliak, Miloš, 1978- (Author)
Format: Article
Language:Slovak
PhysicalDescription:Grafy, tab.
ISSN:1210-0978
Subjects:

MARC

LEADER 00000nab a2200000 a 4500
001 vtls009356937
003 SK-MaSNL
005 20260426085023.0
008 250506c2008 xo |||||||||||000 b|slo
015 |a SNBRB2008/11  |2 snkbucl 
035 |a (uuid)91d9bfc1-90da-45bc-9834-c162ca588d75 
035 |a urn:nbn:sk:snk-ab317d 
035 |a (urnnbn)urn:nbn:sk:snk:ar-a04iz9 
038 |a SNKBUCL 
040 |a SNKBUCL  |b slo  |c SNKBUCL  |e AACR2 
041 0 |a slo  |b eng  |b ger  |b slo 
044 |a xo  |c SK 
080 |a 656.025.2  |x (437.6)  |2 2001 
100 1 |a Poliak, Miloš,  |d 1978-  |4 aut  |9 206888 
245 1 0 |a Vývoj hromadnej osobnej dopravy  |c Miloš Poliak 
300 |b Grafy, tab. 
504 |a Bibliogr. odkazy 
546 |a Res. angl., nem. a slov. v obsahu 
650 0 7 |a verejná doprava  |2 snkbucl  |9 72689 
650 0 7 |a dopravné výkony  |2 snkbucl  |9 838182 
651 7 |a Slovensko  |2 snkbucl  |9 14231 
773 0 |t Horizonty dopravy  |g Roč. XVI, č. 2-3 (2008), s. 13-18  |x 1210-0978 
850 |a Slovenská národná knižnica 
852 |a Slovenská národná knižnica 
954 |a odborná, vedecká literatúra pôvodná (slovenská)  |2 lita 
958 |a article27 
958 |a OND 
958 |a SK 
958 |a EUIPO 
999 |c 2951321  |d 2953251